Statistics for WWII Trivia

Click here to take the quiz!

General Stats

  • This quiz has been taken 1,675 times
  • The average score is 7 of 11

Answer Stats

HintAnswer% Correct
Who was the Soviet leader during WWII?Josef Stalin
98%
What is the most common name for the day the Allies invaded Normandy on 6th June 1944?D-Day
97%
What country did Germany invade in 1939 which led to the start of the war?Poland
89%
Who was the British primeminister for most of the war?Winston Churchill
80%
What was the punishment for deserting in most sides?Death
74%
Who was the president after him?Harry Truman
72%
Who was the president of the USA until he died in April 1945?Franklin D Roosevelt
68%
Who was the British monarch in the war?George VI
59%
Which British primeminister died in 1940?Neville Chamberlain
53%
Which Nazi leader went to Scotland to try and make peace with the British?Rudolf Hess
26%
What was the nickname of the British Home Guard?Dad's army
19%

Score Distribution

Percentile by Number Answered

Percent of People with Each Score

Your Score History

You have not taken this quiz